Herodes. II, Svět podle Antonia /
Druhá část románové trilogie o starověkém vládci a válečníkovi Herodu Velikém (73-4 př. Kr.), vynikajícím válečníkovi, staviteli a diplomatu, ale také tyranovi a despotovi.
Uloženo v:
| Série: | Herodes,
část 2 |
|---|---|
| Hlavní autor: | |
| Médium: | E-kniha |
| Jazyk: | Czech |
| Vydáno: |
V Praze :
Vyšehrad,
2025
|
| Vydání: | Vydání první |
| Témata: | |
| Příbuzné jednotky: | Z cyklu::
Herodes |
| Tagy: |
Žádné tagy |
| LEADER | 03148nam a2200613 i 4500 | ||
|---|---|---|---|
| 001 | 312830 | ||
| 003 | CZ PrSKC | ||
| 005 | 20260601215729.0 | ||
| 007 | ta | ||
| 008 | 250929s2025 xr g 000 fbcze | ||
| 015 | |a cnb003710428 | ||
| 020 | |a 9788026732518 |q (vázáno) : |c Kč 469,00 | ||
| 035 | |a (OCoLC)1559931997 | ||
| 040 | |a ABG001 |b cze |d BOA001 |e rda | ||
| 043 | |a a-is--- | ||
| 045 | |a d9d9 | ||
| 072 | 7 | |a 821.162.3-3 |x Česká próza |2 Konspekt | |
| 072 | 7 | |a 929 |x Biografie |2 Konspekt | |
| 080 | |a 821.162.3-31 |2 MRF | ||
| 080 | |a 929.731 |2 MRF | ||
| 080 | |a 929 |2 MRF | ||
| 080 | |a (33) |2 MRF | ||
| 080 | |a (0:82-312.6) |2 MRF | ||
| 080 | |a (0:82-311.6) |2 MRF | ||
| 100 | 1 | |a Horníček, Jan, |d 1989- |7 xx0251614 |4 aut | |
| 245 | 1 | 0 | |a Herodes. |n II, |p Svět podle Antonia / |c Jan Horníček |
| 246 | 3 | 0 | |a Svět podle Antonia |
| 250 | |a Vydání první | ||
| 264 | 1 | |a V Praze : |b Vyšehrad, |c 2025 | |
| 300 | |a 379 stran ; |c 21 cm | ||
| 336 | |a text |b txt |2 rdacontent | ||
| 337 | |a bez média |b n |2 rdamedia | ||
| 338 | |a svazek |b nc |2 rdacarrier | ||
| 500 | |a Terminologický slovník | ||
| 520 | 2 | |a Druhá část románové trilogie o starověkém vládci a válečníkovi Herodu Velikém (73-4 př. Kr.), vynikajícím válečníkovi, staviteli a diplomatu, ale také tyranovi a despotovi. |b Končí rok 42 před Kristem a Herodes vládne Judsku jako správce. Římský vojevůdce Gaius Cassius mu slíbil královský titul, ale jeho porážka u Filip vše změní. K moci se dostává muž bez zábran, Marcus Antonius, jehož vztah s Kleopatrou otřásá spojenectvími a žene Řím do nové války. Zároveň se blíží partští nájezdníci a Herodův úhlavní nepřítel Antigonás touží po trůnu. Podaří se Herodovi uhájit jeruzalémským trůn? Vyvzdoruje si na Římu královský titul? A dokáže si konečně získat srdce krásné Mariamné? Nakladatelská anotace. | |
| 546 | |a Český text | ||
| 600 | 0 | 7 | |a Herodes Veliký, |c judský král, |d asi 73 př. Kr.-4 př. Kr. |7 jn20000700699 |2 czenas |
| 600 | 0 | 9 | |a Herod |b I, |c King of Judea, |d 73-4 B.C. |2 eczenas |
| 648 | 7 | |a 1. století př. Kr. |7 ch460499 |2 czenas | |
| 650 | 0 | 7 | |a panovníci |7 ph117250 |z Judea |y 1. století př. Kr. |2 czenas |
| 650 | 0 | 9 | |a kings and rulers |z Judea |y 1st century B.C. |2 eczenas |
| 655 | 7 | |a české romány |7 fd133974 |2 czenas | |
| 655 | 7 | |a biografické romány |7 fd131905 |2 czenas | |
| 655 | 7 | |a historické romány |7 fd132414 |2 czenas | |
| 655 | 9 | |a Czech fiction |2 eczenas | |
| 655 | 9 | |a biographical novels |2 eczenas | |
| 655 | 9 | |a historical novels |2 eczenas | |
| 787 | 0 | 8 | |i Z cyklu: |t Herodes |g 2 |
| 900 | |a ABA001 |b 20 | ||
| 928 | 9 | |a Albatros Media - Vyšehrad | |
| 044 | |a xr | ||
| 910 | |a RBIT002 | ||
| 998 | |d 422761 |a https://core.palmknihy.cz/api/books/422761/cover?t3g1oo |b https://core.palmknihy.cz/api/books/422761/cover/400?t3g1oo |c https://core.palmknihy.cz/api/books/422761/cover/50?t3g1oo |e 2035-12-31 |g 384 |i 9788026732518 |j https://core.palmknihy.cz/api/books/422761/preview.epub |k https://core.palmknihy.cz/api/books/422761/preview.pdf |l |q 49 |r 1 |s https://www.palmknihy.cz/kniha/422761 |t ebook |y 2025 |z 0 |v Herodes |w 2 | ||
| 999 | |d 312828 | ||